<?xml version="1.0" encoding="UTF-8"?>
<record
    xmlns:xsi="http://www.w3.org/2001/XMLSchema-instance"
    xsi:schemaLocation="http://www.loc.gov/MARC21/slim http://www.loc.gov/standards/marcxml/schema/MARC21slim.xsd"
    xmlns="http://www.loc.gov/MARC21/slim">

  <leader>00690nam a22002417a 4500</leader>
  <controlfield tag="005">20170124110251.0</controlfield>
  <datafield tag="010" ind1=" " ind2=" ">
    <subfield code="a">A-448658</subfield>
  </datafield>
  <datafield tag="020" ind1=" " ind2=" ">
    <subfield code="c">25.00</subfield>
  </datafield>
  <datafield tag="035" ind1=" " ind2=" ">
    <subfield code="a">A-448658</subfield>
  </datafield>
  <datafield tag="037" ind1=" " ind2=" ">
    <subfield code="b">Cen Lib/Ret</subfield>
  </datafield>
  <datafield tag="040" ind1=" " ind2=" ">
    <subfield code="a">DPL</subfield>
    <subfield code="b">EN</subfield>
  </datafield>
  <datafield tag="082" ind1=" " ind2=" ">
    <subfield code="a">220</subfield>
    <subfield code="b">MUD</subfield>
  </datafield>
  <datafield tag="100" ind1=" " ind2=" ">
    <subfield code="a">Mudigonda, Brahmasri </subfield>
    <subfield code="9">99099</subfield>
  </datafield>
  <datafield tag="245" ind1=" " ind2=" ">
    <subfield code="a">Kamakoti shathakoti /</subfield>
    <subfield code="c">by Brahmasri Mudigonda [and] Venkata Rama Sastry </subfield>
  </datafield>
  <datafield tag="246" ind1=" " ind2=" ">
    <subfield code="b"> </subfield>
  </datafield>
  <datafield tag="260" ind1=" " ind2=" ">
    <subfield code="a">Varansi </subfield>
    <subfield code="b">Ganga-Tunga Prakashan </subfield>
    <subfield code="c">[s.n.]</subfield>
  </datafield>
  <datafield tag="270" ind1=" " ind2=" ">
    <subfield code="b">Varansi </subfield>
  </datafield>
  <datafield tag="300" ind1=" " ind2=" ">
    <subfield code="a">xxxii,196p.</subfield>
    <subfield code="c">21cm(Hb)</subfield>
  </datafield>
  <datafield tag="650" ind1=" " ind2=" ">
    <subfield code="a">Hinduism -- Sanskrit shlok </subfield>
    <subfield code="9">99100</subfield>
  </datafield>
  <datafield tag="650" ind1=" " ind2=" ">
    <subfield code="a">Kamakoti </subfield>
    <subfield code="9">99101</subfield>
  </datafield>
  <datafield tag="700" ind1=" " ind2=" ">
    <subfield code="a">Sastry, Venkata Rama</subfield>
    <subfield code="9">99102</subfield>
  </datafield>
  <datafield tag="942" ind1=" " ind2=" ">
    <subfield code="2">ddc</subfield>
    <subfield code="c">EN</subfield>
    <subfield code="h">220</subfield>
    <subfield code="m">MUD</subfield>
  </datafield>
  <datafield tag="999" ind1=" " ind2=" ">
    <subfield code="c">135895</subfield>
    <subfield code="d">135895</subfield>
  </datafield>
  <datafield tag="952" ind1=" " ind2=" ">
    <subfield code="0">0</subfield>
    <subfield code="1">0</subfield>
    <subfield code="4">0</subfield>
    <subfield code="7">0</subfield>
    <subfield code="a">L</subfield>
    <subfield code="b">L</subfield>
    <subfield code="d">2015-10-09</subfield>
    <subfield code="e">Cen Lib/Ret</subfield>
    <subfield code="g">25.00</subfield>
    <subfield code="l">0</subfield>
    <subfield code="o">220 MUD</subfield>
    <subfield code="p">A-448658</subfield>
    <subfield code="r">2015-10-09 00:00:00</subfield>
    <subfield code="t">1</subfield>
    <subfield code="v">25.00</subfield>
    <subfield code="w">2015-10-09</subfield>
    <subfield code="y">EN</subfield>
  </datafield>
</record>
